=LDR 00000nam 2200000 4500 =001 NUTBA000000000005300 =005 20250321094453 =035 ##$$a 0010-101400000000530 =008 250321################g##########0#ind## =020 ##$$a 978-979-1276-90-0 =040 ##$$a NBPDMAT =082 ##$$a R.920.03 =090 ##$$a R.920.03 $b Nur e =100 ##$$a Nur Asiah =245 1#$$a Ensiklopedia Pahlawan Nasional Indonesia /$c Oleh Nur Asiah =250 ##$$a Cet.1 =260 ##$$a Jakarta :$b Media Antara Semesta,$c 2009 =300 ##$$a iii, 153 hlm. : $b ilus. ; $c 30 x 22 cm. =500 ##$$a Bibliografi : hlm. 153 =650 #4$$a Indonesia-Biografi Pahlawan-Ensiklopedia =850 ##$$a NBPDMAT =084 ##$$a R.920.03 NUR e =990 ##$$a 21415287 =990 ##$$a 21415288 =990 ##$$a 21415289 =990 ##$$a 2141529 =990 ##$$a 21415291 =990 ##$$a 0001/BPAP-NTB/2015 =990 ##$$a 21415287 =990 ##$$a 21415288 =990 ##$$a 21415289 =990 ##$$a 2141529 =990 ##$$a 21415291 =990 ##$$a 0001/BPAP-NTB/2015 =990 ##$$a 2141529 =990 ##$$a 21415287 =990 ##$$a 21415288 =990 ##$$a 21415289 =990 ##$$a 21415291 =990 ##$$a 0001/BPAP-NTB/2015 =990 ##$$a 21415291 =990 ##$$a 21415287 =990 ##$$a 21415288 =990 ##$$a 21415289 =990 ##$$a 2141529 =990 ##$$a 0001/BPAP-NTB/2015 =990 ##$$a 21415289 =990 ##$$a 21415287 =990 ##$$a 21415288 =990 ##$$a 2141529 =990 ##$$a 21415291 =990 ##$$a 0001/BPAP-NTB/2015 =990 ##$$a 21415288 =990 ##$$a 21415287 =990 ##$$a 21415289 =990 ##$$a 2141529 =990 ##$$a 21415291 =990 ##$$a 0001/BPAP-NTB/2015